Completely Antipodal Countries - Statistics

General Stats
  • This quiz has been taken 25 times
  • The average score is 8 of 11
Answer Stats
Opposite country Answer % Correct
Burkina Faso Fiji
81%
Brazil Philippines
81%
Brazil Malaysia
76%
Brazil Palau
76%
Ecuador Singapore
76%
Ghana Tuvalu
76%
Mauritania Vanuatu
76%
Paraguay Taiwan
71%
Algeria Tonga
71%
Brazil Brunei
67%
Niger Samoa
62%
No matching quizzes found
Score Distribution
Percent of People with Each Score
Percentile by Number Answered
Your Score History
You have not taken this quiz